<?xml version="1.0" encoding="UTF-8"?>
<collection xmlns="http://www.loc.gov/MARC21/slim">
  <record>
    <leader>00000nam  2200000   4500</leader>
    <controlfield tag="001">INLIS000000000013200</controlfield>
    <controlfield tag="005">20220809075701</controlfield>
    <datafield tag="035" ind1="#" ind2="#">
      <subfield code="a">0010-0822000001</subfield>
    </datafield>
    <datafield tag="245" ind1="1" ind2="#">
      <subfield code="a">Strategi Integrasi Laporan Elektronik Pelayanan Kependudukan dan Pencatatan Sipil di Dinas Kependudukan dan Pencatatan Sipil Kota Balikpapan /</subfield>
      <subfield code="c">Hasbullah Helmi, A.P., M.Si.</subfield>
    </datafield>
    <datafield tag="100" ind1="1" ind2="#">
      <subfield code="a">HELMI, Hasbullah</subfield>
    </datafield>
    <datafield tag="250" ind1="#" ind2="#">
      <subfield code="a">1</subfield>
    </datafield>
    <datafield tag="300" ind1="#" ind2="#">
      <subfield code="a">65 halaman ; lampiran :</subfield>
      <subfield code="b">ilustrasi ;</subfield>
      <subfield code="c">30 cm</subfield>
    </datafield>
    <datafield tag="260" ind1="#" ind2="#">
      <subfield code="a">Samarinda :</subfield>
      <subfield code="b">Puslatbang KDOD,</subfield>
      <subfield code="c">2020</subfield>
    </datafield>
    <datafield tag="084" ind1="#" ind2="#">
      <subfield code="a">PKN 286 2020</subfield>
    </datafield>
    <datafield tag="650" ind1="#" ind2="4">
      <subfield code="a">Proyek Perubahan</subfield>
    </datafield>
    <datafield tag="650" ind1="#" ind2="4">
      <subfield code="a">Kepemimpinan Nasional Tingkat II</subfield>
    </datafield>
    <datafield tag="650" ind1="#" ind2="4">
      <subfield code="a">teknologi informasi</subfield>
    </datafield>
    <datafield tag="650" ind1="#" ind2="4">
      <subfield code="a">sistem informasi</subfield>
    </datafield>
    <datafield tag="650" ind1="#" ind2="4">
      <subfield code="a">manajemen database</subfield>
    </datafield>
    <datafield tag="650" ind1="#" ind2="4">
      <subfield code="a">data pemilihan umum</subfield>
    </datafield>
    <datafield tag="650" ind1="#" ind2="4">
      <subfield code="a">inovasi pemerintah</subfield>
    </datafield>
    <datafield tag="650" ind1="#" ind2="4">
      <subfield code="a">data penduduk</subfield>
    </datafield>
    <datafield tag="520" ind1="#" ind2="#">
      <subfield code="a">Laporan proyek perubahan ini didorong permasalahan ketua RT yang tidak lagi mengetahui warga yang datang pindah, lahir meninggal termasuk data kepemilikan KTP dikarenakan penghapusan surat pengantar RT dan Lurah hingga pada saat pendataan pemilihan umum atau program bantuan social ketua RT dan Lurah tidak memiliki data warga yang valid dan lengkap. Proyek ini menjelaskan cara memberikan laporan secara elektronik kepada Lurah dan Ketua RT secara tepat setiap warga yang telah diterbitkan dokumen kependudukan dan pencatatan sipil dengan aplikasi  WaCAT (Warga ku ke Capil, Aku Tahu) sehingga mampu memberikan data yang update, cepat, lengkap dan valid.</subfield>
    </datafield>
    <datafield tag="500" ind1="#" ind2="#">
      <subfield code="a">Coach : Dr. Ir. Suseno, M.M &#13;
Penguji : Tri Atmojo sejati, S.T., S.H., M.Si.&#13;
Mentor : Sayid MN. Fadli</subfield>
    </datafield>
    <datafield tag="990" ind1="#" ind2="#">
      <subfield code="a">PKN/286/2020</subfield>
    </datafield>
  </record>
</collection>
